000 01790nam a2200217Ia 4500
003 Ost
005 20260507075035.0
008 260507s9999||||xx |||||||||||||| ||und||
020 _a8735919977
040 _cfsecg
041 _aara
082 _a330
100 _aعبد الحميد، عبد المطلب
_eمؤلف
245 0 _aالسوق العربية المشتركة :
_bالواقع والمستقبل في الألفية الثالثة /
_c عبد المطلب عبد الحميد
260 _aالقاهرة:
_bمجموعة النيل العربية,
_c2003
300 _a267 صفحة؛
_bإيضاحات ؛
_c24 سم
520 _aمفاهيم أساسية حول التكامل الإقتصادي والسوق المشتركة- نظرة كلية على الإقتصاد العربي مع التأهب للألفية الثالثة- السوق العربية المشتركة قديما وواقع العمل الإقتصادي العربي المشترك- التجارة العربية المشتركة وأفاقها المستقبلية- إعادة بناء السوق العربية المشتركة في ظل العولمة- منظمة التجارة الحرة العربية الشاملة- المرحلة الاولية لإعادة بناء السوق العربية المشتركة- آفاق التعاون الإقتصادي العربي أثناء إتمام مراحل السوق العربية المشتركة- السوق المالية العربية المشتركة- التوجيهات المستقبلية للتعاون والتكامل الإقتصادي العربي في الالفية الثالثة
653 _aالتكتلات الإقتصادية - الدولية
653 _aالسوق العربية المشتركة
942 _cكتاب
999 _c42450
_d42450